Cities by Landmark #1 - Statistics

General Stats
  • This quiz has been taken 44,958 times
    31,664 since last reset
  • The average score is 17 of 24
Answer Stats
Landmark City % Correct
Buckingham Palace London
99%
Empire State Building New York City
98%
Golden Gate Bridge San Francisco
94%
The Colosseum Rome
92%
The Acropolis Athens
88%
Arc de Triomphe Paris
87%
Lincoln Memorial Washington D.C.
84%
Walk of Fame Los Angeles
82%
Red Square Moscow
80%
Space Needle Seattle
79%
Brandenburg Gate Berlin
77%
Willis Tower (Sears Tower) Chicago
76%
La Sagrada Familia Barcelona
70%
CN Tower Toronto
67%
The Little Mermaid Copenhagen
64%
Hagia Sophia Istanbul
62%
Petronas Towers Kuala Lumpur
60%
Gateway Arch St. Louis
58%
Independence Hall Philadelphia
56%
The Alamo San Antonio
53%
Harbour Bridge Sydney
51%
The Taj Mahal Agra
50%
Dome of the Rock Jerusalem
50%
Table Mountain Cape Town
44%
No matching quizzes found
Score Distribution
Percent of People with Each Score
Percentile by Number Answered
Your Score History
You have not taken this quiz since the last reset